000
00233 a2200097 4500
001
90839
082
_a
796.358092 YUV
090
_c
43013
_d
43013
100
_a
Yuvraj Singh
245
_a
The Test of My Life
_c
Yuvraj Singh
_h
English
942
_a
CAE NUST
_k
796.358092 YUV
999
_c
325912
_d
325912